| 000 | 01789nam a22004217a 4500 | ||
|---|---|---|---|
| 001 | 14164250 | ||
| 003 | OSt | ||
| 005 | 20210426115232.0 | ||
| 008 | 051102s2006 njua b 001 0 eng | ||
| 010 | _a 2005031114 | ||
| 015 |
_aGBA620821 _2bnb |
||
| 016 | 7 |
_a013397064 _2Uk |
|
| 020 | _a0131873709 (hardback : alk. paper) | ||
| 020 | _a9780131873704 | ||
| 035 | _a(OCoLC)ocm62281450 | ||
| 040 |
_aDLC _cDLC _dUKM _dBAKER _dC#P _dGHG _dPUL _dDLC |
||
| 042 | _apcc | ||
| 050 | 0 | 0 |
_aHF5415.2 _b.M35543 2006 |
| 080 |
_a65 _bM-31 |
||
| 082 | 0 | 0 |
_a658.8/3 _222 |
| 100 |
_9778 _aFarris,W.Paul |
||
| 245 | 0 | 0 |
_aMarketing metrics : _b50+ metrics every executive should master / _cPaul W. Farris ... [et al.]. |
| 260 |
_aUpper Saddle River, N.J. : _bWharton School Pub., _cc2006. |
||
| 300 |
_axvi, 359 p. : _bill. ; _c25 cm. |
||
| 504 | _aIncludes bibliographical references (p. 335-337) and index. | ||
| 505 | 0 | _aIntroduction -- Share of hearts, minds, and markets -- Margins and profits -- Product and portfolio management -- Customer profitability-- Sales force and channel management -- Pricing strategy -- Promotion -- Advertising media and Web metrics -- Marketing and finance -- The marketing metrics x-ray. | |
| 650 | 0 | _aMarketing research. | |
| 650 | 0 |
_aMarketing _xMathematical models. |
|
| 653 | _aბიზნესი | ||
| 700 | 1 | _aFarris, Paul W. | |
| 700 |
_aReibstein,David J. _9781 |
||
| 700 |
_aPferifer,,Neil T. _9780 |
||
| 700 |
_aBendle,Neil T. _9779 |
||
| 856 | 4 | 1 |
_3Table of contents only _uhttp://www.loc.gov/catdir/toc/ecip062/2005031114.html |
| 906 |
_a7 _bcbc _corignew _d1 _eecip _f20 _gy-gencatlg |
||
| 942 |
_2udc _cBK |
||
| 999 |
_c1188 _d1188 |
||